LEADER 02012nam 2200469 450 001 9910703782703321 005 20150501145434.0 035 $a(CKB)5470000002433891 035 $a(OCoLC)908262703 035 $a(EXLCZ)995470000002433891 100 $a20150501d2014 ua 0 101 0 $aeng 135 $aur||||||||||| 181 $ctxt$2rdacontent 182 $cc$2rdamedia 183 $acr$2rdacarrier 200 10$aEnvironment $ecooperation : agreement between the United States of America and the United Nations Environment Programme extending and amending agreement of December 21, 2004, signed at Washington, November 21, 2014 210 1$a[Washington, D.C.] :$cUnited States Department of State,$d[2014?] 215 $a1 online resource (4 unnumbered pages) 225 1 $aTreaties and other international acts series ;$v14-1121 300 $aTitle from title screen (viewed on May 1, 2015). 517 $aAgreement between the Government of the United States of America and the United Nations Environment Programme 606 $aEnvironmental monitoring$xLaw and legislation$zUnited States 606 $aEnvironmental risk assessment$xLaw and legislation$zUnited States 606 $aEnvironmental monitoring$zNorth America 606 $aEnvironmental risk assessment$zNorth America 606 $aCommunication in the environmental sciences$xInternational cooperation 608 $aTreaties.$2lcgft 615 0$aEnvironmental monitoring$xLaw and legislation 615 0$aEnvironmental risk assessment$xLaw and legislation 615 0$aEnvironmental monitoring 615 0$aEnvironmental risk assessment 615 0$aCommunication in the environmental sciences$xInternational cooperation. 712 02$aUnited States.$bDepartment of State, 712 02$aUnited Nations Environment Programme, 712 02$aUnited States, 801 0$bGPO 801 1$bGPO 906 $aBOOK 912 $a9910703782703321 996 $aEnvironment$9281225 997 $aUNINA LEADER 00986nas 2200361 c 450 001 9910891692603321 005 20260218111424.0 035 $a(CKB)4340000000114473 035 $a(DE-101)1063687837 035 $a(DE-599)ZDB2803867-8 035 $a(DE-599)2803867-8 035 $a(EXLCZ)994340000000114473 100 $a20141210a20149999 |y | 101 0 $aeng 135 $aur||||||||||| 181 $ctxt$2rdacontent 182 $cc$2rdamedia 183 $acr$2rdacarrier 200 00$aInternational journal of modern chemistry and applied science$eIJCAS 210 31$aNalgonda$d2014- 215 $aOnline-Ressource 300 $aGesehen am 23.07.15 311 08$a2349-0594 517 3 $aIJCAS 608 $aZeitschrift$2gnd-content 676 $a540 801 0$b0089 801 1$bDE-101 801 2$b9999 906 $aJOURNAL 912 $a9910891692603321 996 $aInternational journal of modern chemistry and applied science$94255678 997 $aUNINA